000 00561pab a2200205 454500
008 180718b2010 xxu||||| |||| 00| 0 eng d
100 _aAswicahyono, Haryo
245 _aIndustrialisation after a deep economic crisis: Indonesia
260 _c2010
300 _ap.1084-1108.
362 _aJul
650 _aEconomic recession - Indonesia
650 _aIndustrialization - Indonesia
650 _aIndustrialization
700 _aNarjoko, Dionisius
700 _aHill, Hal
773 _aJournal of Development Studies
908 _aN
909 _a87660
999 _c87660
_d87660